[Event "Quebec-ch U16"]
[Site "Montreal CAN"]
[Date "1999.03.04"]
[Round "2"]
[White "Laframboise, Marc-Andre"]
[Black "Gottlieb, Jonathan"]
[Result "0-1"]
[WhiteElo "1858"]
[BlackElo "1900"]
[PlyCount "66"]
[GameId "2160767911805520"]
[EventDate "1999.03.04"]
[EventType "tourn"]
[EventRounds "7"]
[EventCountry "CAN"]

1. d4 d5 2. c4 e6 3. Nc3 c5 4. cxd5 exd5 5. Nf3 Nc6 6. e3 Nf6 7. Be2 Be7 8. O-O O-O 9. dxc5 Bxc5 10. a3 Re8 11. b4 Bd6 12. Bb2 a6 13. Rc1 Bc7 14. Qc2 Bg4 15. Na4 Ne4 16. Nc5 Nxc5 17. Qxc5 Re6 18. Rfd1 Rd6 19. Be5 Bxf3 20. Bxf3 Nxe5 21. Qxc7 Nxf3+ 22. gxf3 Rd7 23. Qe5 h6 24. Rc5 Qb6 25. Rdxd5 Qg6+ 26. Qg3 Rxd5 27. Rxd5 Qb1+ 28. Kg2 Rc8 29. Qg4 Rc6 30. Rd8+ Kh7 31. Qe4+ Rg6+ 32. Kh3 Qf1+ 33. Kh4 Qxf2+ 0-1

[Event "Quebec-ch U16"]
[Site "Montreal CAN"]
[Date "1999.03.04"]
[Round "2"]
[White "Miron, Francois"]
[Black "Tessier, Olivier"]
[Result "1/2-1/2"]
[WhiteElo "1644"]
[BlackElo "1758"]
[PlyCount "80"]
[GameId "2160767911805521"]
[EventDate "1999.03.04"]
[EventType "tourn"]
[EventRounds "7"]
[EventCountry "CAN"]

1. e4 c5 2. Nf3 Nf6 3. Nc3 d5 4. exd5 Nxd5 5. Nxd5 Qxd5 6. Be2 Nc6 7. O-O e6 8. b3 b6 9. Bb2 Bb7 10. Bc4 Qd7 11. Bb5 a6 12. Ne5 Qc7 13. Bxc6+ Bxc6 14. Nxc6 Qxc6 15. Qg4 O-O-O 16. Rfd1 h5 17. Qf4 f6 18. d3 h4 19. h3 Bd6 20. Qc4 Kb7 21. Re1 Rde8 22. Qe4 Qxe4 23. Rxe4 Kc6 24. Rae1 Kd7 25. d4 f5 26. R4e2 Rhg8 27. Rd1 Ke7 28. d5 Kf7 29. Red2 e5 30. Re2 e4 31. Rde1 Rd8 32. c4 g5 33. f3 exf3 34. gxf3 Rde8 35. Rxe8 Rxe8 36. Rxe8 Kxe8 37. Bc1 f4 38. Bb2 Kf7 39. Kf2 Kg6 40. Ke2 Kf5 1/2-1/2

[Event "Quebec-ch U16"]
[Site "Montreal CAN"]
[Date "1999.03.04"]
[Round "2"]
[White "Roussel-Roozmon, Thomas"]
[Black "Tanguay-Carel, Mathieu"]
[Result "1/2-1/2"]
[WhiteElo "1759"]
[BlackElo "1664"]
[PlyCount "56"]
[GameId "2160767911805522"]
[EventDate "1999.03.04"]
[EventType "tourn"]
[EventRounds "7"]
[EventCountry "CAN"]

1. d4 Nf6 2. c4 g6 3. Nc3 Bg7 4. e4 d6 5. f3 O-O 6. Be3 Nbd7 7. Qd2 c5 8. Nge2 Qc7 9. Ng3 a6 10. d5 Rb8 11. Bh6 Qa5 12. h4 b5 13. Bxg7 Kxg7 14. h5 Ne5 15. hxg6 fxg6 16. cxb5 axb5 17. Qg5 c4 18. Qd2 Bd7 19. Be2 Rfc8 20. f4 Nf7 21. Qd4 Qb6 22. Qxb6 Rxb6 23. a3 b4 24. axb4 Rxb4 25. Ra2 Rcb8 26. O-O Bg4 27. Bxg4 Nxg4 28. Rb1 Nf6 1/2-1/2

[Event "Quebec-ch U16"]
[Site "Montreal CAN"]
[Date "1999.03.05"]
[Round "3"]
[White "Bachand-Fleurent, Julien"]
[Black "Laframboise, Marc-Andre"]
[Result "0-1"]
[WhiteElo "1937"]
[BlackElo "1858"]
[PlyCount "48"]
[GameId "2160767911805523"]
[EventDate "1999.03.04"]
[EventType "tourn"]
[EventRounds "7"]
[EventCountry "CAN"]

1. e4 c5 2. Nf3 d6 3. d4 cxd4 4. Nxd4 Nf6 5. Nc3 a6 6. Be2 e5 7. Nb3 Be6 8. O-O Nbd7 9. f4 b5 10. a3 Nb6 11. Nd2 exf4 12. Nf3 d5 13. e5 Ne4 14. Nxe4 dxe4 15. Qxd8+ Rxd8 16. Ng5 Bc5+ 17. Kh1 f3 18. gxf3 exf3 19. Bxf3 Bc4 20. Bc6+ Ke7 21. Rf3 Rd1+ 22. Kg2 Rg1+ 23. Kh3 h6 24. Ne4 Be6+ 0-1

[Event "Quebec-ch U16"]
[Site "Montreal CAN"]
[Date "1999.03.05"]
[Round "3"]
[White "Gottlieb, Jonathan"]
[Black "Roussel-Roozmon, Thomas"]
[Result "0-1"]
[WhiteElo "1900"]
[BlackElo "1759"]
[PlyCount "114"]
[GameId "2160767911805524"]
[EventDate "1999.03.04"]
[EventType "tourn"]
[EventRounds "7"]
[EventCountry "CAN"]

1. e4 e5 2. Nf3 Nc6 3. Bc4 Bc5 4. c3 Nf6 5. d4 exd4 6. cxd4 Bb4+ 7. Bd2 Bxd2+ 8. Nbxd2 d6 9. O-O O-O 10. Re1 Bg4 11. Qc2 d5 12. exd5 Nxd5 13. Qe4 Nf6 14. Qf4 Bxf3 15. Nxf3 Nb4 16. Rac1 c6 17. Qf5 Nbd5 18. Bd3 Qd7 19. Re5 Qxf5 20. Bxf5 g6 21. Bb1 Rad8 22. g3 Rd7 23. a3 Nc7 24. Rce1 Nfd5 25. Ba2 Rfd8 26. R5e4 Ne6 27. Ne5 Rd6 28. Nf3 Nf6 29. R4e2 Nd5 30. Kf1 Ndc7 31. Re4 Kf8 32. h4 h6 33. Kg2 Nxd4 34. Nxd4 Rxd4 35. Re7 R8d7 36. Rxd7 Rxd7 37. Re4 Rd2 38. Rb4 b5 39. Bb1 c5 40. Rb3 c4 41. Rf3 Kg7 42. b4 Nd5 43. Be4 f5 44. Bxd5 Rxd5 45. Rc3 Rd2 46. Kf3 Rb2 47. Ke3 Rb3 48. Rxb3 cxb3 49. Kd3 Kf6 50. Kc3 Ke5 51. f3 b2 52. Kxb2 Kd4 53. Kb3 Ke3 54. g4 f4 55. h5 g5 56. Kc3 Kxf3 57. Kd4 Kxg4 0-1

[Event "Quebec-ch U16"]
[Site "Montreal CAN"]
[Date "1999.03.05"]
[Round "3"]
[White "Tanguay-Carel, Mathieu"]
[Black "Miron, Francois"]
[Result "1/2-1/2"]
[WhiteElo "1664"]
[BlackElo "1644"]
[PlyCount "156"]
[GameId "2160767911805525"]
[EventDate "1999.03.04"]
[EventType "tourn"]
[EventRounds "7"]
[EventCountry "CAN"]

1. d4 c5 2. d5 e5 3. c4 d6 4. Nc3 Nf6 5. e4 Be7 6. Be2 O-O 7. Nf3 Bg4 8. Nd2 Bd7 9. O-O Ne8 10. a3 f5 11. b4 b6 12. exf5 Bxf5 13. Nde4 Nd7 14. Bg4 Bg6 15. f4 Nef6 16. Ng5 Qb8 17. Ne6 Re8 18. f5 Bf7 19. Bf3 a6 20. b5 a5 21. a4 g6 22. g4 Kh8 23. Kh1 Rg8 24. Rg1 Ne8 25. Bg5 Bxg5 26. Nxg5 Rf8 27. Qf1 Nef6 28. Qh3 Qe8 29. Be4 Rg8 30. Qh6 Nf8 31. Ra2 Qe7 32. Rag2 Rg7 33. Rg3 Ng8 34. Qh4 Be8 35. Nf3 Qxh4 36. Nxh4 g5 37. Nf3 h6 38. Nd2 Nf6 39. Bf3 Rd8 40. Nde4 Ng8 41. R1g2 Nh7 42. Kg1 Rf7 43. Rh3 Kg7 44. Kf1 Rdd7 45. Ke1 Rd8 46. Kd2 Rdd7 47. Rg1 Kf8 48. Be2 Kg7 49. Kc2 Kf8 50. Nd2 Kg7 51. Nce4 Kf8 52. Kd3 Kg7 53. Ke3 Kf8 54. Rhg3 Ke7 55. Rh1 Rg7 56. Nf2 Kd8 57. Nde4 Ke7 58. Rh3 Kf7 59. Rf1 Ke7 60. Nh1 Rf7 61. Nhg3 Rf8 62. Nh1 Rf7 63. Rg3 Rf8 64. Rg2 Rf7 65. Nhg3 Rf8 66. Rgf2 Rd8 67. Bd1 Rd7 68. Nh1 Rd8 69. Rg2 Rd7 70. Rg3 Rd8 71. Rh3 Rd7 72. Nhg3 Rd8 73. Nh5 Bxh5 74. Rxh5 Rd7 75. Bf3 Rf7 76. Rh1 Kf8 77. h4 Rg7 78. hxg5 Nxg5 1/2-1/2

[Event "Quebec-ch U16"]
[Site "Montreal CAN"]
[Date "1999.03.05"]
[Round "3"]
[White "Tessier, Olivier"]
[Black "Caire, Francois"]
[Result "1-0"]
[WhiteElo "1758"]
[BlackElo "1935"]
[PlyCount "67"]
[GameId "2160767911805526"]
[EventDate "1999.03.04"]
[EventType "tourn"]
[EventRounds "7"]
[EventCountry "CAN"]

1. d4 Nf6 2. c4 e6 3. Nf3 b6 4. g3 Ba6 5. Qa4 c5 6. Bg2 Bb7 7. dxc5 Bxc5 8. O-O O-O 9. Bg5 h6 10. Bf4 Qe7 11. Nc3 d5 12. cxd5 Nxd5 13. Nxd5 Bxd5 14. a3 a5 15. Rad1 Rd8 16. Rd2 Nd7 17. e4 e5 18. Nxe5 Nxe5 19. Rxd5 Rxd5 20. exd5 Rd8 21. Be3 Nd3 22. Bxc5 Qxc5 23. Qb3 Ne5 24. Rd1 Rd6 25. Re1 Ng4 26. Qf3 Nf6 27. Qd3 Rd8 28. Rd1 Rd6 29. Qf5 Qc4 30. Qe5 Qc5 31. Qf4 Rd7 32. Rc1 Qb5 33. Rc8+ Kh7 34. Qf5+ 1-0

[Event "Quebec-ch U16"]
[Site "Montreal CAN"]
[Date "1999.03.05"]
[Round "4"]
[White "Caire, Francois"]
[Black "Laframboise, Marc-Andre"]
[Result "0-1"]
[WhiteElo "1935"]
[BlackElo "1858"]
[PlyCount "40"]
[GameId "2160767911805527"]
[EventDate "1999.03.04"]
[EventType "tourn"]
[EventRounds "7"]
[EventCountry "CAN"]

1. d4 Nf6 2. c4 g6 3. Nc3 Bg7 4. e4 d6 5. f3 O-O 6. Be3 e5 7. d5 c6 8. Qd2 cxd5 9. cxd5 a6 10. O-O-O Nbd7 11. g4 b5 12. Bh6 Nc5 13. h4 b4 14. Nce2 Ncxe4 15. fxe4 Nxe4 16. Qe3 Bxh6 17. Qxh6 Nf2 18. Rh2 Qc7+ 19. Kd2 Nxg4 20. Qg5 f6 0-1

[Event "Quebec-ch U16"]
[Site "Montreal CAN"]
[Date "1999.03.05"]
[Round "4"]
[White "Miron, Francois"]
[Black "Gottlieb, Jonathan"]
[Result "0-1"]
[WhiteElo "1644"]
[BlackElo "1900"]
[PlyCount "68"]
[GameId "2160767911805528"]
[EventDate "1999.03.04"]
[EventType "tourn"]
[EventRounds "7"]
[EventCountry "CAN"]

1. e4 c5 2. Nf3 d6 3. d4 cxd4 4. Nxd4 Nf6 5. Nc3 a6 6. Be2 e6 7. Be3 Be7 8. g4 Nfd7 9. f4 Bh4+ 10. Kf1 Be7 11. g5 Nc6 12. h4 Qc7 13. Bf3 Na5 14. Bf2 b5 15. Nce2 Bb7 16. f5 e5 17. Nb3 Nc4 18. Qc1 Nc5 19. Nxc5 dxc5 20. Kg2 Rd8 21. b3 Nd2 22. Ng3 c4 23. Qg1 cxb3 24. cxb3 Qc3 25. Be3 Bc5 26. Re1 Rd3 27. Rc1 Qb2 28. Rxc5 Nxe4+ 29. Kh3 Nxc5 30. Rh2 Qc3 31. Bd2 Rxd2 32. Rxd2 Qxd2 33. Qxc5 Bxf3 34. Qxe5+ Kd7 0-1

[Event "Quebec-ch U16"]
[Site "Montreal CAN"]
[Date "1999.03.05"]
[Round "4"]
[White "Roussel-Roozmon, Thomas"]
[Black "Bachand-Fleurent, Julien"]
[Result "1/2-1/2"]
[WhiteElo "1759"]
[BlackElo "1937"]
[PlyCount "63"]
[GameId "2160767911805529"]
[EventDate "1999.03.04"]
[EventType "tourn"]
[EventRounds "7"]
[EventCountry "CAN"]

1. d4 d5 2. c4 e6 3. Nc3 c6 4. Nf3 dxc4 5. a4 Bb4 6. Bd2 a5 7. e3 b5 8. axb5 Bxc3 9. Bxc3 cxb5 10. b3 Bb7 11. bxc4 b4 12. Bb2 Nf6 13. Bd3 O-O 14. O-O Nbd7 15. Bc2 Qc7 16. Bb3 Bc6 17. Nd2 Nb6 18. c5 Nbd5 19. Nc4 Bb5 20. Qc2 Ng4 21. g3 h5 22. Rfe1 h4 23. Nd6 hxg3 24. hxg3 Bd7 25. e4 Ne7 26. d5 Nc8 27. Nxc8 Raxc8 28. Rac1 e5 29. d6 Qa7 30. f3 a4 31. Bd5 a3 32. Ba1 1/2-1/2

[Event "Quebec-ch U16"]
[Site "Montreal CAN"]
[Date "1999.03.05"]
[Round "4"]
[White "Tessier, Olivier"]
[Black "Tanguay-Carel, Mathieu"]
[Result "0-1"]
[WhiteElo "1758"]
[BlackElo "1664"]
[PlyCount "103"]
[GameId "2160767911805530"]
[EventDate "1999.03.04"]
[EventType "tourn"]
[EventRounds "7"]
[EventCountry "CAN"]

1. d4 Nf6 2. c4 g6 3. Nc3 Bg7 4. e4 d6 5. f3 O-O 6. Be3 Nbd7 7. Qd2 c5 8. d5 a6 9. a4 Qa5 10. Nge2 Rb8 11. Ng3 Ne5 12. h4 Bd7 13. h5 Qb4 14. hxg6 fxg6 15. Bh6 Nf7 16. Bxg7 Kxg7 17. f4 Ne8 18. Bd3 e5 19. f5 Nf6 20. Rh4 Qa5 21. Ra2 Qd8 22. Qf2 b6 23. Ra1 Qc7 24. Qe2 Rfc8 25. b3 Rh8 26. Kd2 b5 27. axb5 axb5 28. cxb5 Ra8 29. Rhh1 Ra5 30. Rxa5 Qxa5 31. fxg6 hxg6 32. Rxh8 Kxh8 33. Kc2 Kg7 34. Kb2 Qb4 35. Bc4 Bg4 36. Qe1 Nd7 37. Be2 Bxe2 38. Qxe2 Nb6 39. Nf1 c4 40. Nd2 cxb3 41. Qd1 Qd4 42. Qe2 Na4+ 43. Kxb3 Nxc3 44. Qc4 Nxb5 45. Qc2 Qf2 46. Nf3 Qxc2+ 47. Kxc2 Nd4+ 48. Nxd4 exd4 49. Kd3 Kf6 50. Kxd4 g5 51. Ke3 g4 52. Kd3 0-1

[Event "Quebec-ch U16"]
[Site "Montreal CAN"]
[Date "1999.03.06"]
[Round "5"]
[White "Bachand-Fleurent, Julien"]
[Black "Miron, Francois"]
[Result "1/2-1/2"]
[WhiteElo "1937"]
[BlackElo "1644"]
[PlyCount "63"]
[GameId "2160767911805531"]
[EventDate "1999.03.04"]
[EventType "tourn"]
[EventRounds "7"]
[EventCountry "CAN"]

1. e4 c5 2. Nf3 Nc6 3. d4 cxd4 4. Nxd4 Nf6 5. Nc3 e5 6. Ndb5 d6 7. Bg5 a6 8. Na3 b5 9. Nd5 Be7 10. Bxf6 Bxf6 11. c3 O-O 12. Nc2 Bg5 13. a4 Rb8 14. axb5 axb5 15. Ncb4 Nxb4 16. Nxb4 Qd7 17. f3 Bb7 18. Ra5 Bc6 19. Nxc6 Qxc6 20. Qd5 Qxd5 21. exd5 b4 22. Ra6 bxc3 23. bxc3 Rb1+ 24. Kf2 Rd8 25. g4 Kf8 26. Rc6 Rd1 27. c4 Ke7 28. h4 Bf4 29. Rg1 Kd7 30. Rg2 Rb8 31. Be2 Rd2 32. Ra6 1/2-1/2

[Event "Quebec-ch U16"]
[Site "Montreal CAN"]
[Date "1999.03.06"]
[Round "5"]
[White "Laframboise, Marc-Andre"]
[Black "Roussel-Roozmon, Thomas"]
[Result "1-0"]
[WhiteElo "1858"]
[BlackElo "1759"]
[PlyCount "49"]
[GameId "2160767911805533"]
[EventDate "1999.03.04"]
[EventType "tourn"]
[EventRounds "7"]
[EventCountry "CAN"]

1. d4 Nf6 2. c4 e6 3. Nc3 Bb4 4. f3 d5 5. a3 Bxc3+ 6. bxc3 O-O 7. e3 c6 8. Bd3 Nbd7 9. Ne2 Nb6 10. cxd5 exd5 11. O-O Re8 12. g4 h6 13. Ng3 Bd7 14. Ra2 Nc4 15. Bxc4 dxc4 16. e4 b5 17. g5 Nh7 18. gxh6 g6 19. Kh1 Qh4 20. Rg1 Kh8 21. Be3 Nf6 22. Nf5 gxf5 23. Bg5 Qh5 24. Bxf6+ Kh7 25. Rg7+ 1-0

[Event "Quebec-ch U16"]
[Site "Montreal CAN"]
[Date "1999.03.06"]
[Round "5"]
[White "Tanguay-Carel, Mathieu"]
[Black "Caire, Francois"]
[Result "0-1"]
[WhiteElo "1664"]
[BlackElo "1935"]
[PlyCount "70"]
[GameId "2160767911805534"]
[EventDate "1999.03.04"]
[EventType "tourn"]
[EventRounds "7"]
[EventCountry "CAN"]

1. d4 Nf6 2. e3 b6 3. Bd3 Bb7 4. Nf3 e6 5. O-O c5 6. Nbd2 Be7 7. c3 d5 8. Ne5 Nbd7 9. f4 O-O 10. Qf3 Nxe5 11. fxe5 Ne8 12. Qh3 h6 13. Nf3 Nc7 14. Bd2 Ba6 15. Bxa6 Nxa6 16. Be1 b5 17. Bh4 b4 18. Qg4 bxc3 19. bxc3 Rb8 20. Bxe7 Qxe7 21. Rf2 cxd4 22. cxd4 Qa3 23. Qf4 Rb2 24. Raf1 Rxa2 25. Rxa2 Qxa2 26. g4 Qa3 27. g5 h5 28. g6 fxg6 29. Qg5 Qd3 30. Qe7 Qf5 31. Qxa7 Qg4+ 32. Kh1 Rxf3 33. Qxa6 Rxf1+ 34. Qxf1 Qe4+ 35. Kg1 Qxe3+ 0-1

[Event "Quebec-ch U16"]
[Site "Montreal CAN"]
[Date "1999.03.06"]
[Round "6"]
[White "Caire, Francois"]
[Black "Roussel-Roozmon, Thomas"]
[Result "1/2-1/2"]
[WhiteElo "1935"]
[BlackElo "1759"]
[PlyCount "63"]
[GameId "2160767911805535"]
[EventDate "1999.03.04"]
[EventType "tourn"]
[EventRounds "7"]
[EventCountry "CAN"]

1. d4 Nf6 2. c4 e6 3. Nf3 Bb4+ 4. Bd2 Bxd2+ 5. Nbxd2 d5 6. e3 O-O 7. Bd3 c6 8. O-O Nbd7 9. e4 dxe4 10. Nxe4 Nxe4 11. Bxe4 Nf6 12. Bd3 b6 13. Qe2 Bb7 14. Rfd1 Qc7 15. Rd2 Rfd8 16. Rad1 a6 17. b3 Rac8 18. Bb1 b5 19. Rc1 Qb8 20. Ng5 Qa7 21. c5 b4 22. Ne4 Nxe4 23. Bxe4 a5 24. a3 Ba6 25. Qf3 Qd7 26. Ra1 Bb5 27. a4 Ba6 28. Rad1 Rc7 29. h3 Rcc8 30. Qe3 Qe7 31. Qf3 Qd7 32. Qe3 1/2-1/2

[Event "Quebec-ch U16"]
[Site "Montreal CAN"]
[Date "1999.03.06"]
[Round "6"]
[White "Miron, Francois"]
[Black "Laframboise, Marc-Andre"]
[Result "1/2-1/2"]
[WhiteElo "1644"]
[BlackElo "1858"]
[PlyCount "34"]
[GameId "2160767911805536"]
[EventDate "1999.03.04"]
[EventType "tourn"]
[EventRounds "7"]
[EventCountry "CAN"]

1. e4 c5 2. Nc3 Nc6 3. f4 d6 4. Nf3 Nf6 5. Bb5 a6 6. Bxc6+ bxc6 7. d3 g6 8. O-O Bg7 9. Bd2 O-O 10. Qe1 Rb8 11. Rb1 Ne8 12. h3 e6 13. Kh1 f5 14. e5 d5 15. Na4 Rf7 16. c4 Rfb7 17. b3 Bf8 1/2-1/2

[Event "Quebec-ch U16"]
[Site "Montreal CAN"]
[Date "1999.03.06"]
[Round "6"]
[White "Tanguay-Carel, Mathieu"]
[Black "Gottlieb, Jonathan"]
[Result "1/2-1/2"]
[WhiteElo "1664"]
[BlackElo "1900"]
[PlyCount "102"]
[GameId "2160767911805537"]
[EventDate "1999.03.04"]
[EventType "tourn"]
[EventRounds "7"]
[EventCountry "CAN"]

1. d4 d5 2. c4 e6 3. Nc3 c5 4. Nf3 Nc6 5. e3 Nf6 6. Be2 Be7 7. O-O O-O 8. b3 cxd4 9. exd4 Ne4 10. Bb2 Bd6 11. Qc2 Nxc3 12. Bxc3 Bd7 13. Bd3 f5 14. Rfe1 Rc8 15. c5 Bb8 16. b4 Ne7 17. b5 Ng6 18. Bb2 Qe8 19. a4 Nf4 20. Ne5 Bxe5 21. Rxe5 Qg6 22. Bf1 Rf6 23. Bc1 Nh3+ 24. Kh1 Ng5 25. Bxg5 Qxg5 26. Rd1 Rh6 27. Qd3 Rf8 28. Qg3 Qe7 29. Qc3 Qg5 30. Qg3 Qe7 31. f4 Rff6 32. Qf2 Rfg6 33. Be2 Rh4 34. g3 Rh3 35. Bf1 Rhh6 36. Rc1 Qe8 37. Qc2 Rxg3 38. c6 bxc6 39. bxc6 Bc8 40. c7 Qg6 41. Qf2 Qg4 42. Be2 Qh4 43. Rc6 Rh3 44. Qxh4 R3xh4 45. Ba6 Rxh2+ 46. Kg1 Bxa6 47. Rxa6 Rc2 48. Rxa7 Rf6 49. a5 Rg6+ 50. Kf1 Rh6 51. Kg1 Rg6+ 1/2-1/2

[Event "Quebec-ch U16"]
[Site "Montreal CAN"]
[Date "1999.03.06"]
[Round "6"]
[White "Tessier, Olivier"]
[Black "Bachand-Fleurent, Julien"]
[Result "0-1"]
[WhiteElo "1758"]
[BlackElo "1937"]
[PlyCount "88"]
[GameId "2160767911805538"]
[EventDate "1999.03.04"]
[EventType "tourn"]
[EventRounds "7"]
[EventCountry "CAN"]

1. d4 d5 2. c4 e6 3. Nf3 c6 4. Nc3 dxc4 5. a4 Bb4 6. Bd2 a5 7. e3 b5 8. axb5 Bxc3 9. Bxc3 cxb5 10. b3 Bb7 11. bxc4 b4 12. Bb2 Nf6 13. Bd3 O-O 14. Qc2 Nbd7 15. e4 e5 16. Nxe5 Nxe5 17. dxe5 Nd7 18. Qe2 Nc5 19. Bc2 a4 20. O-O a3 21. Rad1 Qa5 22. Bd4 b3 23. Bd3 Na4 24. Ra1 Qb4 25. Rfb1 b2 26. Rxa3 Qxa3 27. Bxb2 Nxb2 28. Rxb2 Bc6 29. Rb6 Qc1+ 30. Qf1 Qxf1+ 31. Kxf1 Bd7 32. f4 Rac8 33. Rb7 Be6 34. Rb4 Rfd8 35. Ke2 f6 36. f5 Bf7 37. e6 Be8 38. Ke3 g6 39. g4 Rc7 40. h3 Rdc8 41. Kd4 Rd8+ 42. Kc3 Ra7 43. Bc2 Kg7 44. c5 Rc7 0-1

[Event "Quebec-ch U16"]
[Site "Montreal CAN"]
[Date "1999.03.07"]
[Round "7"]
[White "Bachand-Fleurent, Julien"]
[Black "Tanguay-Carel, Mathieu"]
[Result "1/2-1/2"]
[WhiteElo "1937"]
[BlackElo "1664"]
[PlyCount "116"]
[GameId "2160767911805539"]
[EventDate "1999.03.04"]
[EventType "tourn"]
[EventRounds "7"]
[EventCountry "CAN"]

1. e4 e6 2. d4 d5 3. Nc3 Nf6 4. Bg5 Be7 5. e5 Nfd7 6. Bxe7 Qxe7 7. Nf3 c5 8. Nb5 O-O 9. Nc7 cxd4 10. a3 f6 11. exf6 Nxf6 12. Nxa8 e5 13. Be2 Ng4 14. O-O Nc6 15. Nxd4 Nxd4 16. Bxg4 Bxg4 17. Qxg4 Rxa8 18. c3 Nc6 19. Rad1 Rd8 20. Rfe1 e4 21. c4 Ne5 22. Qe2 Nxc4 23. Rxd5 Rxd5 24. Qxc4 Qe6 25. f3 e3 26. Qe4 Qxe4 27. fxe4 Rd2 28. Rxe3 Rxb2 29. Rc3 Re2 30. Rc8+ Kf7 31. Rc7+ Kf6 32. Rxb7 Rxe4 33. Rxa7 Re1+ 34. Kf2 Ra1 35. a4 Kg6 36. a5 Kh6 37. Kf3 Ra3+ 38. Kg4 Kg6 39. g3 Ra2 40. h4 Ra4+ 41. Kh3 h5 42. a6 Kh7 43. Ra8 Kg6 44. a7 Kh7 45. Kg2 Kg6 46. Kf3 Kh7 47. Ke3 Kg6 48. Kd3 Kh7 49. Kc3 Kg6 50. Kb3 Ra1 51. Kb4 Rb1+ 52. Kc5 Rc1+ 53. Kd6 Rd1+ 54. Ke7 Ra1 55. Kf8 Kh7 56. Kf7 Ra6 57. Ke7 Kg6 58. Kd8 Ra1 1/2-1/2

[Event "Quebec-ch U16"]
[Site "Montreal CAN"]
[Date "1999.03.07"]
[Round "7"]
[White "Gottlieb, Jonathan"]
[Black "Caire, Francois"]
[Result "1-0"]
[WhiteElo "1900"]
[BlackElo "1935"]
[PlyCount "111"]
[GameId "2160767911805540"]
[EventDate "1999.03.04"]
[EventType "tourn"]
[EventRounds "7"]
[EventCountry "CAN"]

1. e4 c5 2. Nf3 Nc6 3. d4 cxd4 4. Nxd4 Nf6 5. Nc3 e5 6. Ndb5 d6 7. Bg5 a6 8. Na3 b5 9. Nd5 Be7 10. Nxe7 Nxe7 11. Bxf6 gxf6 12. Qd2 Bb7 13. O-O-O Ng6 14. f3 Ke7 15. Kb1 Qb6 16. c4 b4 17. Nc2 Bc8 18. Nxb4 Be6 19. g3 Rab8 20. Nd5+ Bxd5 21. cxd5 Rb7 22. Rc1 Rhb8 23. b3 a5 24. Rc6 Qb4 25. Qxb4 Rxb4 26. Bc4 R4b6 27. Rc7+ Ke8 28. Ra7 Rb4 29. Ka1 a4 30. a3 R4b7 31. Rxa4 Nf8 32. Ra6 Ke7 33. b4 Nd7 34. Ka2 Rc7 35. Rc6 Ra7 36. Rb1 Rab7 37. Bb3 Ra7 38. Kb2 Rab7 39. Rbc1 Nc5 40. Ka2 Nd7 41. Rc7 Rxc7 42. Rxc7 Kd8 43. Rc6 Ke7 44. Kb2 Rb7 45. Kc3 Ra7 46. a4 Rb7 47. a5 Nb8 48. Kc4 Nxc6 49. dxc6 Ra7 50. Kb5 Kd8 51. Kb6 Ra8 52. Kb7 Rc8 53. a6 Rc7+ 54. Kb6 h6 55. a7 Rc8 56. c7+ 1-0

[Event "Quebec-ch U16"]
[Site "Montreal CAN"]
[Date "1999.03.07"]
[Round "7"]
[White "Laframboise, Marc-Andre"]
[Black "Tessier, Olivier"]
[Result "1/2-1/2"]
[WhiteElo "1858"]
[BlackElo "1758"]
[PlyCount "109"]
[GameId "2160767911805541"]
[EventDate "1999.03.04"]
[EventType "tourn"]
[EventRounds "7"]
[EventCountry "CAN"]

1. Nf3 c5 2. g3 d5 3. Bg2 Nc6 4. O-O Nf6 5. d3 e5 6. Nbd2 Bd6 7. e4 d4 8. Nc4 Rb8 9. a4 Bg4 10. h3 Be6 11. b3 a6 12. Nxd6+ Qxd6 13. Ng5 h6 14. Nxe6 fxe6 15. f4 Ke7 16. Qe1 Ra8 17. Bd2 b5 18. g4 b4 19. fxe5 Nxe5 20. Bf4 g5 21. Bg3 Nfd7 22. Qd2 Rag8 23. Rf2 Ke8 24. Raf1 Qe7 25. Qe2 Rf8 26. Qe1 a5 27. Qe2 Rxf2 28. Rxf2 Rf8 29. Bxe5 Nxe5 30. Qf1 Rxf2 31. Qxf2 Qf7 32. Qxf7+ Kxf7 33. Kf2 Kf6 34. Kg3 Nd7 35. Bf3 Nb6 36. Bd1 Ke5 37. Kf3 Nc8 38. Kg3 Nd6 39. Kf3 c4 40. Kg3 Nb7 41. dxc4 Nc5 42. Kf3 Nxe4 43. Be2 Nc5 44. Bd3 Kf6 45. Be2 e5 46. Bd3 Ke6 47. Be4 Kd6 48. Bf5 Ke7 49. Be4 Kf6 50. Bf5 h5 51. Be4 h4 52. Bf5 Ke7 53. Be4 Ke6 54. Bd3 Kd6 55. Bf5 1/2-1/2

[Event "Quebec-ch U16"]
[Site "Montreal CAN"]
[Date "1999.03.07"]
[Round "7"]
[White "Roussel-Roozmon, Thomas"]
[Black "Miron, Francois"]
[Result "1/2-1/2"]
[WhiteElo "1759"]
[BlackElo "1644"]
[PlyCount "62"]
[GameId "2160767911805542"]
[EventDate "1999.03.04"]
[EventType "tourn"]
[EventRounds "7"]
[EventCountry "CAN"]

1. d4 c5 2. d5 e5 3. c4 Nf6 4. Nc3 d6 5. e4 Be7 6. f4 Nbd7 7. Nf3 exf4 8. Bxf4 Nf8 9. Be2 Ng6 10. Be3 Bd7 11. O-O O-O 12. Kh1 Ng4 13. Bg1 N6e5 14. a3 Bg5 15. Nxe5 Nxe5 16. b4 b6 17. h3 Qe7 18. Bd3 Bf6 19. Rc1 Rfc8 20. b5 Ng6 21. Bh2 Be5 22. Bxe5 Qxe5 23. Qe2 Rf8 24. Qf2 Rae8 25. a4 Ne7 26. Qf4 Qxf4 27. Rxf4 Ng6 28. Rf2 Ne5 29. Be2 f5 30. Rcf1 g6 31. Kh2 Kg7 1/2-1/2

[Event "Quebec-ch U18"]
[Site "Sherbrooke CAN"]
[Date "1999.05.01"]
[Round "1"]
[White "Moskvitch, Andrei"]
[Black "Cardin, Guillaume"]
[Result "1-0"]
[WhiteElo "1977"]
[BlackElo "1680"]
[PlyCount "95"]
[GameId "2160767911805140"]
[EventDate "1999.05.01"]
[EventType "match"]
[EventRounds "4"]
[EventCountry "CAN"]

1. e4 c5 2. Nf3 d6 3. d4 cxd4 4. Nxd4 Nf6 5. Nc3 a6 6. Be2 e5 7. Nb3 Be7 8. O-O O-O 9. Qd3 b5 10. a4 b4 11. Nd5 Bb7 12. Nxe7+ Qxe7 13. Bg5 Nbd7 14. Rfd1 d5 15. exd5 e4 16. Qd4 Rac8 17. Na5 Rxc2 18. Nxb7 Rxe2 19. Rac1 Qe5 20. Qxe5 Nxe5 21. Bxf6 gxf6 22. d6 Rb8 23. d7 Nxd7 24. Rxd7 Rxb2 25. g3 b3 26. Rc3 Rb1+ 27. Kg2 b2 28. Rb3 Ra1 29. Rxb2 Rxa4 30. Rd8+ Rxd8 31. Nxd8 Kf8 32. Nb7 f5 33. Nd6 Kg7 34. Nxf5+ Kg6 35. Ne3 a5 36. h4 Rb4 37. Ra2 a4 38. Nd5 Rd4 39. Nb6 Rd6 40. Nxa4 Ra6 41. Nc3 Rxa2 42. Nxa2 f5 43. Nc3 Kh5 44. Nd5 h6 45. f3 Kg6 46. fxe4 fxe4 47. g4 Kf7 48. Nc3 1-0

[Event "Quebec-ch U18"]
[Site "Sherbrooke CAN"]
[Date "1999.05.01"]
[Round "2"]
[White "Cardin, Guillaume"]
[Black "Moskvitch, Andrei"]
[Result "0-1"]
[WhiteElo "1680"]
[BlackElo "1977"]
[PlyCount "95"]
[GameId "2160767911805141"]
[EventDate "1999.05.01"]
[EventType "match"]
[EventRounds "4"]
[EventCountry "CAN"]

1. d4 Nf6 2. c4 c5 3. d5 b5 4. cxb5 a6 5. bxa6 g6 6. Nc3 Bxa6 7. e4 Bxf1 8. Kxf1 d6 9. Nf3 Bg7 10. g3 O-O 11. Kg2 Nbd7 12. Re1 Ra6 13. Bf4 Qa8 14. e5 dxe5 15. Nxe5 Nxe5 16. Bxe5 e6 17. Qf3 exd5 18. Bxf6 Bxf6 19. Nxd5 Bxb2 20. Rab1 Bd4 21. Re2 Rxa2 22. Rxa2 Qxa2 23. Rb7 Qa8 24. h4 Qxb7 25. Nf6+ Bxf6 26. Qxb7 Kg7 27. Qc6 Bd4 28. g4 Rb8 29. f3 Rb2+ 30. Kh1 h6 31. h5 g5 32. Qe4 Bf6 33. Qc4 Bd4 34. Qd5 Rc2 35. Qe4 Rc1+ 36. Kg2 Bf6 37. Kf2 c4 38. Ke2 c3 39. Qc4 Rh1 40. Kd3 Rh2 41. f4 gxf4 42. Qxf4 c2 43. Qc1 Kh7 44. Qf4 Kg7 45. Qc1 Rf2 46. Ke3 Bg5+ 47. Kxf2 Bxc1 48. Ke2 0-1